Life changing Spiritual power: (Record no. 5803)

MARC details
000 -LEADER
fixed length control field 00597nam a22001697a 4500
003 - CONTROL NUMBER IDENTIFIER
control field GBCCL
005 - DATE AND TIME OF LATEST TRANSACTION
control field 20241126110550.0
008 - FIXED-LENGTH DATA ELEMENTS--GENERAL INFORMATION
fixed length control field 180409b ||||| |||| 00| 0 eng d
040 ## - CATALOGING SOURCE
Transcribing agency gbc
082 ## - DEWEY DECIMAL CLASSIFICATION NUMBER
Classification number 248
Item number PRI
100 ## - MAIN ENTRY--PERSONAL NAME
Personal name Prince, Derek
9 (RLIN) 7775
245 ## - TITLE STATEMENT
Title Life changing Spiritual power:
Remainder of title Divine Exchange; How to Pass from Curse to Blessing; The Holy Spirit in You; God's Medicine Bottle; Spiritual Warfare; Self-Study Bible Course /
Statement of responsibility, etc. Derek Prince
260 ## - PUBLICATION, DISTRIBUTION, ETC.
Place of publication, distribution, etc. South India:
Name of publisher, distributor, etc. Derek Prince Ministries,
Date of publication, distribution, etc. 1999
300 ## - PHYSICAL DESCRIPTION
Extent 312 p.;
Dimensions 22 cm.
650 ## - SUBJECT ADDED ENTRY--TOPICAL TERM
Topical term or geographic name entry element Christian life
9 (RLIN) 183
942 ## - ADDED ENTRY ELEMENTS (KOHA)
Source of classification or shelving scheme Dewey Decimal Classification
Koha item type Books
Koha issues (borrowed), all copies 1
Holdings
Withdrawn status Lost status Source of classification or shelving scheme Damaged status Not for loan Home library Current Library Shelving location Date acquired Total checkouts Full call number Barcode Date last seen Date last checked out Copy number Price effective from Koha item type
    Dewey Decimal Classification     GRACE BIBLE COLLEGE GRACE BIBLE COLLEGE Ministry & Mission 2018-04-09 1 248 PRI 006198 2025-05-01 2019-10-31 c.1 2018-04-09 Books
© Grace Bible College Library 2025